Spotrebiteľ: najlepší kontrolór Odzáväznenie noriem nie je najšťastnejším riešením

Bibliographic Details
Main Author: Szabo, Alexander (Author)
Format: Article
Language:Slovak
PhysicalDescription:Obr. 1
Subjects:

MARC

LEADER 00000nab a2200000 a 4500
001 vtls000542161
003 SK-MaSNL
005 20260303183559.0
008 120928c1995 xo 0 slo
015 |a SNBRB19rr/mm-uuuuu 
035 |a CL0542299 
040 |a SNKBUCL  |b slo  |c SNKBUCL  |e AACR2 
041 0 |a slo 
044 |a xo  |c SK 
080 |a 663/664:331.94  |2 1981 
080 |a 331.94  |2 1981 
100 1 |a Szabo, Alexander  |4 aut  |9 309538 
245 1 0 |a Spotrebiteľ: najlepší kontrolór  |b Odzáväznenie noriem nie je najšťastnejším riešením  |c Alexander Szabo 
300 |b Obr. 1 
650 0 7 |a potravinársky priemysel  |2 snkbucl  |9 974 
650 0 7 |a inšpekcia  |2 snkbucl  |9 51119 
655 7 |a články z novín a časopisov  |2 snkbucl  |9 267496 
773 0 |t Slovenský profit  |g Roč. 3, č. 3 (1995) 
773 0 |t [Príl.] Profit extra  |g Č. 3, s. 20 
850 |a Slovenská národná knižnica v Martine  |a MTA001 
852 |a SNK  |b KIS3GCP 
958 |a RK 
992 |a RBX 
999 |c 2122021  |d 2123951